| 000 | 00959 a2200277 4500 | ||
|---|---|---|---|
| 005 | 20251111163142.0 | ||
| 008 | 251111b |||||||| |||| 00| 0 eng d | ||
| 020 | _a9781394172658 (pbk) | ||
| 037 | _cTB | ||
| 040 |
_aCRL _cCRL |
||
| 041 |
_2eng _aeng |
||
| 084 |
_aY15:(R) R5 _qCRL |
||
| 245 |
_aFeminist theory: _ba philosophical anthology |
||
| 250 | _a2nd | ||
| 260 |
_aNew Jersey, Canada: _bWiley Blackwell, _c2025. |
||
| 300 | _axiv, 655p. | ||
| 365 |
_b59.95 _cUSD |
||
| 650 |
_aSociology _9850784 |
||
| 650 |
_aFeminism _9850785 |
||
| 650 |
_aPhilosophy _9850786 |
||
| 700 |
_aAndreasen, Robin O. _eeditor. _9850787 |
||
| 700 |
_aCudd, Ann E. _eeditor. _9850788 |
||
| 700 |
_aDiaz - Leon, E. _eeditor. _9850789 |
||
| 942 |
_cTB _2CC _n0 _hY15:(R) R5 _e2nd |
||
| 999 |
_c1435817 _d1435817 |
||